000 00665nam a2200229Ia 4500
003 OSt
005 20221005124316.0
006 a|||||r|||| 00| 0
007 ta
008 221004b |||||||| |||| 00| 0 eng d
024 _a62857
037 _cTextual
040 _aCRL
_cCRL
_beng
041 _2eng
_aeng
082 _aV21:1:M8, B3
100 _aRaghavaiyangar S Srinivasa
_9635022
245 0 _aMomorandum on the progress of the Madras presidency during the last forty years of British administration.
260 _c1883
650 _aHISTORY
942 _hV21:1:M8, B3
_cTEXL
_2cc
999 _c1050084
_d1050084